| 000 | 00648nam a2200121Ia 4500 | ||
|---|---|---|---|
| 008 | 220620s9999||||xx |||||||||||||| ||und|| | ||
| 100 | _aBatanero, Carmen||Chernoff, Egan J.||Engel, Joachim||Lee, Hollylynne S.||Sánchez, Ernesto | ||
| 245 | 0 | _aResearch on Teaching and Learning Probability | |
| 546 | _aEnglish[eng] | ||
| 650 | _aMathematics Education||Teaching and Teacher Education||Learning and Instruction | ||
| 856 | _uhttps://library.oapen.org/bitstream/20.500.12657/27983/1/1002015.pdf||https://library.oapen.org/bitstream/20.500.12657/27983/1/1002015.pdf||https://library.oapen.org/bitstream/20.500.12657/27983/1/1002015.pdf | ||
| 942 | _cEB | ||
| 999 |
_c27478 _d27478 |
||